Programa de seguretat alimentària /
Descripción Física:
2 vols. ; 30 cm
Otros Autores:
Almirall i Hill, Mercè
Materias:
Aliments -- Higiene
Idioma:
Catalán
MARC
| LEADER | 00000nam a2200000Ia 4500 | ||
|---|---|---|---|
| 001 | R- 17259 | ||
| 003 | Arxiu | ||
| 005 | 20260324180549.0 | ||
| 008 | 160829s2004 spcaxx s cat c | ||
| 080 | |a FU-46-11 | ||
| 100 | 1 | |a Serra, Marga |9 48747 | |
| 245 | 1 | 0 | |a Programa de seguretat alimentària / |c Marga Serra i Mercè Almirall |
| 260 | |a Barcelona : |b Diputació de Barcelona. Servei de Salut Pública i Consum, |c DL 2004 | ||
| 300 | |a 2 vols. ; |c 30 cm | ||
| 490 | 1 | |a Salut a l'escola ; |v 4 | |
| 590 | |a Conté: La sopa de lletres quadern informatiu per als educadors , La sopa de lletres cicle inicial de primària quadern de treball de seguretat dels aliments | ||
| 590 | |a En estoig de 30 x 22 cm | ||
| 650 | |a Aliments |x Higiene |9 33421 | ||
| 700 | |a Almirall i Hill, Mercè |9 39830 | ||
| 830 | 0 | |9 56098 |a Salut a l'escola (Barcelona (Catalunya : Província). Diputació) |v 4 | |
| 901 | |a Arxiu | ||
| 942 | |n 1 |2 udc |c ARXIU | ||
| 952 | |0 0 |1 0 |4 0 |6 FU4611 |7 1 |9 54827 |a Arxiu |b Arxiu |d 2016-12-01 |l 0 |o FU-46-11 |p R- 17259 |r 2016-12-01 00:00:00 |w 2016-12-01 |y ARXIU | ||
| 999 | |c 58697 |d 58697 | ||